Lego House - Lyrics - Statistics

General Stats
  • This quiz has been taken 49 times
  • The average score is 43 of 51
Answer Stats
Answer % Correct
And build a {Lego} house
100%
I'm gonna pick up the {pieces}
98%
And out of all these {things} I've done
95%
But I've got {ya} to keep me warm
95%
If {things} go wrong we can knock it down
95%
I'll do it all for {you} in time
95%
I'll pick {you} up when you're getting down
95%
And it's dark in a cold {December}
88%
And out of all {these} things I've done
88%
And {out} of all these things I've done
88%
{And} out of all these things I've done
88%
I'm out of sight, I'm out of {mind}
88%
I'm {out} of sight, I'm out of mind
88%
I'm out of touch, I'm out of {love}
88%
I'm out of touch, I'm {out} of love
88%
I'm out of touch, I'm out of {love}
88%
I think I'll {love} you better now
88%
I think I'll {love} you better now
88%
I think I'll {love} you better now
88%
I think I'll love you {better} now, now
88%
And I'll keep you sheltered from the {storm}
85%
And out of all these things I've {done}
85%
And out of all these things {I've} done
85%
And put you on a {wall}
85%
But {I've} got you to keep me warm
85%
I'll do it all for you in {time}
85%
I {think} I'll love you better now
85%
I {think} I'll love you better now
85%
{That's} raging on now
85%
And I'll keep you {sheltered} from the storm
83%
And it's {dark} in a cold December
83%
But {there's} one thing one my mind, it's all for you
83%
If you're broken I will {mend} ya
83%
If you're {broken} I will mend ya
83%
I'm out of {sight}, I'm out of mind
83%
I'm out of {touch}, I'm out of love
83%
My three words have {two} meanings
83%
That's {raging} on now
83%
And it's more than I can {take}
80%
And it's so hard to {say} it but I've been here before
80%
And out of {all} these things I've done
80%
I'll do it {all} for you in time
80%
I'll pick you up when you're {getting} down
80%
I'll pick you up when {you're} getting down
80%
I'm gonna paint you by {numbers} and colour you in
80%
If things go {right} we can frame it
78%
I'll pick you up when you're getting {down}
78%
I {will} love you better now
73%
Now I'll {surrender} up my heart and swap it for yours
65%
Don't {hold} me down
63%
I think the {braces} are breaking
53%
No matching quizzes found
Score Distribution
Percent of People with Each Score
Percentile by Number Answered
Your Score History
You have not taken this quiz